000 00461nam a2200145Ia 4500
003 OSt
005 20260129103432.0
008 211028s2018 xx 000 0 und d
040 _cAIMIT LIBRARY
041 _aeng
100 _aGonsalves, Jasilda Juje; Nazareth, Teresa.
_g1616063
_97819
245 _aRecruitment and selection process: a case study with reference to J M J placement Mumbai /
260 _aMangalore
_bTeresa Nazareth.
_c2018
942 _2ddc
_cPRO
999 _c219387
_d219387